| 000 | 00618nam a22001577a 4500 | ||
|---|---|---|---|
| 003 | OSt | ||
| 005 | 20150925160010.0 | ||
| 008 | 150925b xxu||||| |||| 00| 0 eng d | ||
| 040 | _cRUA | ||
| 082 | _aAGR SOR 2013 BO55 Or.1 | ||
| 100 |
_91352 _aSORN, KUNGKEA |
||
| 245 | _aComparison of honey mandarin shoot growth afyer BUD grafting ប្រៀបធៀបការលូតលាស់របស់ពន្លកក្រូចឃ្វិចទឹកឃ្មមុំ បន្ទាប់ពីបំបៅភ្នែក. | ||
| 260 |
_aphnom phen _bRUA _c2013 |
||
| 300 |
_aX,50p. _bill. _c29cm. |
||
| 942 |
_2ddc _cAGR |
||
| 999 |
_c1269 _d1269 |
||